10 Most Popular Singers by Picture [2025] - Statistics

General Stats
  • This quiz has been taken 436 times
    432 since last reset
  • The average score is 8 of 10
Answer Stats
Picture Answer % Correct
Taylor Swift
98%
Ariana Grande
97%
Ed Sheeran
96%
Billie Eilish
95%
Justin Bieber
94%
Drake
90%
Eminem
80%
The Weeknd
66%
Bad Bunny
58%
Arijit Singh
6%
No matching quizzes found
Score Distribution
Percent of People with Each Score
Percentile by Number Answered
Your Score History
You have not taken this quiz since the last reset